Which Canadian Prime Minister? - Statistics

General Stats
  • This quiz has been taken 77 times
  • The average score is 10 of 15
Answer Stats
Question Answer % Correct
Who is the current Canadian Prime Minister? Mark Carney
99%
Which person was never Prime Minister of Canada? Frank Leblanc
86%
Which Canadian Prime Minister is famous for doing the Shawinigan Handshake he's also from Shawinigan,Quebec? Jean Chrétien
86%
Who was Prime Minister when the Constitution was drafted in 1982? Pierre Trudeau
81%
Who is the first Canadian Prime Minister? John A. MacDonald
79%
Which Prime Minister is the Toronto airport named after? Lester Pearson
79%
Which Canadian Prime Minister was the first Francophone in Office? Wilfred Laurier
76%
Which Prime Minister used a Crystal Ball and talked to his dead mother all for political advice? (Hint: he served during WW2) William Lyon Mackenzie King
70%
Which Canadian Prime Minister served in between Pierre Trudeau? Joe Clark
60%
Which Prime Minister is the only one born in one of the Territories? Mark Carney
60%
Which Prime Minister is the Longest Serving? William Lyon Mackenzie
50%
Which Canadian Prime Minister did not serve in 1896? R.B Bennett
49%
Which of these Prime Ministers was also a Premier? Charles Tupper
47%
Which Canadian Prime Minister was the first to be born in Canada? John Abott
44%
Which of these Prime Ministers was also a Rhodes Scholar? John Turner
36%
No matching quizzes found
Score Distribution
Percent of People with Each Score
Percentile by Number Answered
Your Score History
You have not taken this quiz